|
|
|
|
| LEADER |
00000nam0a2200000 4500 |
| 001 |
212077 |
| 005 |
20231031192808.0 |
| 010 |
|
|
|a 9785903733149
|
| 035 |
|
|
|a (RuTPU)RU\TPU\book\231703
|
| 090 |
|
|
|a 212077
|
| 100 |
|
|
|a 20120322d2011 m y0rusy50 ca
|
| 101 |
0 |
|
|a rus
|
| 102 |
|
|
|a RU
|
| 105 |
|
|
|a a z 011zy
|
| 200 |
1 |
|
|a Связь в Москве в годы Великой Отечественной
|f сост. О. В. Фролова
|
| 210 |
|
|
|a СПб.
|c Центральный музей связи имени А. С. Попова
|d 2011
|
| 215 |
|
|
|a 168 с.
|c ил.
|
| 225 |
1 |
|
|a Военные страницы истории связи (из фондов Центрального музея связи им. А. С. Попова)
|v Вып. 2
|
| 300 |
|
|
|a 70-летию битвы под Москвой посвящается.
|
| 320 |
|
|
|a Именной указатель: с. 160-165.
|
| 330 |
|
|
|a В 2010 г., в канун празднования 65-летия Победы в Великой Отечественной войне, Федеральное агентство связи и Центральный музей связи имени А. С. Попова начали серию публикаций архивных материалов из фондов музея под общим названием "Военные страницы истории связи". Первый выпуск был посвящен ленинградским связистам. Опубликование документальных материалов из фондов Центрального музея связи имени А. С. Попова пополнит летопись истории связи в годы Великой Отечественной войны.Этот выпуск — "Связь в Москве в годы Великой Отечественной" — приурочен к 70-летию битвы под Москвой. Опубликованы воспоминания связистов, а также технические справки, акты, фотографии и документы времён войны. Для исследователей истории связи, Великой Отечественной войны, музейных работников, а также для тех, кто работает в современной связи и обучается телекоммуникационным специальностям в ВУЗах.
|
| 606 |
1 |
|
|a Связь
|x История
|z 1941-1946
|2 stltpush
|3 (RuTPU)RU\TPU\subj\71475
|
| 610 |
1 |
|
|a Великая Отечественная война 1941-1945
|
| 610 |
1 |
|
|a Россия
|
| 610 |
1 |
|
|a 20 век
|
| 610 |
1 |
|
|a Москва
|
| 610 |
1 |
|
|a почтовое обслуживание
|
| 610 |
1 |
|
|a Московский почтамт
|
| 610 |
1 |
|
|a Центральный телеграф
|
| 610 |
1 |
|
|a Московская городская телефонная сеть
|
| 610 |
1 |
|
|a Центральная международная станция
|
| 610 |
1 |
|
|a телефонная связь
|
| 610 |
1 |
|
|a радио
|
| 610 |
1 |
|
|a Московская городская радиотрансляционная сеть
|
| 610 |
1 |
|
|a Центральный научно-исследовательский институт связи
|
| 686 |
|
|
|a Т3(2)622-2
|v LBC/SL-A
|2 rubbk
|
| 702 |
|
1 |
|a Фролова
|b О. В.
|4 220
|
| 801 |
|
1 |
|a RU
|b 63413507
|c 20120322
|
| 801 |
|
2 |
|a RU
|b 63413507
|c 20120403
|g RCR
|
| 942 |
|
|
|c BK
|